000 00436nam a2200169 a 4500
020 _a0697231216
040 _cDLC
082 0 0 _a500 BRO 1996 A034 Or.
100 1 _aTillery, Bill W.
245 1 0 _aPhysical science /
250 _a3rd ed.
260 _aDubuque, IA :
_bWm. C. Brown,
_cc1996.
300 _axvii, 661 p. :
_bill. (some col.), maps ;
_c28 cm.
500 _aIncludes index.
650 0 _aPhysical sciences.
942 _cEK
999 _c12515
_d12515